BHAVPRAKASH NIGHANTU (HINDI) (Record no. 502833)

MARC details
000 -LEADER
fixed length control field 00420pam a2200157a 44500
008 - FIXED-LENGTH DATA ELEMENTS--GENERAL INFORMATION
fixed length control field 230515b2020 xxu||||| |||| 00| 0 eng d
020 ## - INTERNATIONAL STANDARD BOOK NUMBER
International Standard Book Number 978-81-909872-0-2
041 ## - LANGUAGE CODE
Language code of text/sound track or separate title HINDI
082 ## - DEWEY DECIMAL CLASSIFICATION NUMBER
Classification number 615.537/LCH
100 ## - MAIN ENTRY--PERSONAL NAME
Personal name KRISHNACHANDRA CHUNEKAR
245 ## - TITLE STATEMENT
Title BHAVPRAKASH NIGHANTU (HINDI)
250 ## - EDITION STATEMENT
Edition statement R
260 ## - PUBLICATION, DISTRIBUTION, ETC.
Place of publication, distribution, etc. VARANASHI
Name of publisher, distributor, etc. CHAUKHAMBA BHARTI ACADMI
Date of publication, distribution, etc. 2020
300 ## - PHYSICAL DESCRIPTION
Extent 960
650 ## - SUBJECT ADDED ENTRY--TOPICAL TERM
Topical term or geographic name entry element BHAVPRAKASH NIGHANTU (HINDI)
Holdings
Withdrawn status Lost status Damaged status Not for loan Home library Current library Shelving location Date acquired Source of acquisition Cost, normal purchase price Total Checkouts Full call number Barcode Date due Date last seen Date last checked out Price effective from Koha item type
        College of Ayurved, Pune College of Ayurved, Pune   15/03/2022 BHARATI MADH. SAHA. GRAH. BHANDAR LTD. 695.00 9 615.537/LCH ACP-UG-15072 21/12/2025 21/11/2025 21/11/2025 28/06/2023 Book